Ancient India/ (Record no. 194476)
[ view plain ]
| 000 -LEADER | |
|---|---|
| fixed length control field | 00497nam a22001697a 4500 |
| 005 - DATE AND TIME OF LATEST TRANSACTION | |
| control field | 20221222163127.0 |
| 010 ## - LCCN (DPL NO) | |
| LC control number | E.N.A./7.11.22 |
| 020 ## - INTERNATIONAL STANDARD BOOK NUMBER | |
| Terms of availability | 350.00 |
| International Standard Book Number | 9789352837243 |
| 037 ## - SOURCE OF ACQUISITION | |
| Source of stock number/acquisition | Aakar |
| 082 ## - DEWEY DECIMAL CLASSIFICATION NUMBER | |
| Edition number | 14e |
| 100 ## - MAIN ENTRY--PERSONAL NAME | |
| Personal name | Mahajan, V D |
| 245 ## - TITLE STATEMENT | |
| Title | Ancient India/ |
| Statement of responsibility, etc | by V D Mahajan |
| 260 ## - PUBLICATION, DISTRIBUTION, ETC. (IMPRINT) | |
| Place of publication, distribution, etc | New Delhi |
| Name of publisher, distributor, etc | S.Chand |
| Date of publication, distribution, etc | 2022 |
| 270 ## - ADDRESS | |
| Address | Block B-1, House No. D-1, Ground Floor, Mohan Co-operative Estate, |
| City | New Delhi |
| Postal code | 110044 |
| Telephone number | 011-66672000 |
| 300 ## - PHYSICAL DESCRIPTION | |
| Extent | xxvi;668p. |
| Dimensions | 24cm(pbk) |
| 942 ## - ADDED ENTRY ELEMENTS (KOHA) | |
| Source of classification or shelving scheme | Dewey Decimal Classification |
| Item type | English Books |
| Call number suffix | MAH |
No items available.
